| 000 | 00839nam a2200241Ia 4500 | ||
|---|---|---|---|
| 003 | GCL | ||
| 008 | 140319s9999 xx 000 0 ara d | ||
| 020 | _a8560232977 | ||
| 040 |
_aGCL / _cGCL |
||
| 082 | 0 | 4 |
_a371.207 _bح ج |
| 100 | 1 | _aحافظ فرج احمد | |
| 245 | 1 | 0 |
_aالجودة الشاملة فى المؤسسات التربوية / _cحافظ فرج احمد |
| 250 | _aالاولى | ||
| 260 |
_aالقاهرة : _bعالم الكتب ، _c2007 |
||
| 300 |
_a190 ص ؛ _c24 سم |
||
| 490 |
_aسلسلة كتب الادارة _v1 |
||
| 650 | 0 | 4 | _aالمدرسون - تدريب |
| 650 | 0 | 4 | _aالمدارس - تنظيم وادارة |
| 650 | 0 | 4 | _aالنظام المدرسى |
| 650 | 0 | 4 | _aالفصول الدراسية - تنظيم وادارة |
| 650 | 0 | 4 | _aالمدارس - ضبط الجودة |
| 942 |
_2ddc _cBK |
||
| 999 |
_c9740 _d9740 |
||